00402nam a2200121Ia 4500008004100000245010000041260002400141260000900165300000700174650002300181650001200204856006400216170516s9999 xx 000 0 und d aManufacturing processes for polymeric micro and nanoparticles and their biomedical applications bAIMS Bioengineering c2017 a:1 xMedical Technology xMedtech uhttp://www.aimspress.com/journal/Bioengineering/2017/1.html